00503nam a22001337a 4500003000500000038001800005082000800023100001600031245015300047264003300200650004100233700003800274856005700312NUST aNusrat Nadeem a200 aSaeed, Rida aExploring the Dynamic Interplay of Well-Being and Ill-Being in Entrepreneurship: A Multiphase Analysis of The Entrepreneurial Process/cRida Saeed,  aIslamabad:bNBS NUST.c2025. aMS- Innovation and Entrepreneurship  aSupervisor: Dr. Owais Anwar Golra uhttp://10.250.8.41:8080/xmlui/handle/123456789/55283